[Event "TUR-ch U07/12 Girls"]
[Site "Antalya"]
[Date "2023.01.24"]
[Round "5"]
[White "Kilic, Melisa Aylin"]
[Black "Asri, Azra Gaye"]
[Result "1/2-1/2"]
[WhiteElo "1110"]
[BlackElo "1254"]
[PlyCount "94"]
[EventDate "2023.01.17"]
[EventType "swiss"]
[EventRounds "9"]
[EventCountry "TUR"]
[SourceTitle "EXT 2024"]
[Source "ChessBase"]
[SourceDate "2023.10.10"]
[SourceVersion "1"]
[SourceVersionDate "2023.10.10"]
[SourceQuality "1"]

1. d4 d5 2. c4 c6 3. Nc3 Nf6 4. cxd5 cxd5 5. Bf4 Nc6 6. e3 a6 7. a3 Bf5 8. Nf3 e6 9. Bd3 Bxd3 10. Qxd3 h6 11. 0-0 Bd6 12. Bxd6 Qxd6 13. Rfd1 0-0 14. Rac1 Rfe8 15. Nd2 Nd7 16. e4 dxe4 17. Ndxe4 Qf4 18. Ne2 Qg4 19. Nd6 Reb8 20. b4 Nd8 21. h3 Qg5 22. Ng3 Qf4 23. Ne8 Qg5 24. Ne4 Qe7 25. Nc7 Ra7 26. d5 exd5 27. Nxd5 Qe8 28. Nd6 Qf8 29. Qg3 b5 30. Nc8 Rab7 31. Nde7+ Kh8 32. Rxd7 Rxc8 33. Rxc8 Rxd7 34. Nc6 Rd6 35. Rxd8 Rxd8 36. Nxd8 Qxd8 37. Qf3 Qf6 38. Qxf6 gxf6 39. Kf1 Kg8 40. Ke2 Kf8 41. Kd3 Ke7 42. Kd4 Kd6 43. h4 h5 44. f3 f5 45. f4 f6 46. g3 Kc6 47. Kc3 Kd5 1/2-1/2